000 00760cam a2200241 a 4500
001 000004754
005 20200929151510.0
008 000614s1993 sp 001 f spa
020 _a8474612802
040 _aDO-SdBNP
_bspa
_cBNPHU
082 _a843.2
_bL895a
100 1 _aLouÿs, Pierre,
_q(Pierre Louis)
_d1870-1925.
_913813
245 1 0 _aAfrodita /
_cPierre Louÿs.
260 _aMadrid :
_bPromoción y Ediciones,
_c[1993].
300 _a208 p. ;
_c20 cm.
490 1 _aGrande genios de la literatura universal
650 4 _aNovela belga
_913814
650 4 _aLitertura belga
_ySIGLO XIX
_913815
650 4 _aLitertura francesa
_913816
830 0 _aGrande genios de la literatura universal.
_913817
910 _aCatalogación derivada
910 _aWM
999 _c4560
_d4560